[Event "TCh-ISR 2018"]
[Site "Israel ISR"]
[Date "2018.03.02"]
[Round "11.1"]
[Board "2"]
[White "Nabaty, Tamir"]
[Black "Sutovsky, Emil"]
[Result "0-1"]
[WhiteTitle "GM"]
[BlackTitle "GM"]
[WhiteElo "2658"]
[BlackElo "2673"]
[WhiteTeam "HaPoel Kfar Saba"]
[BlackTeam "Ashdod Elite Club"]
[WhiteFideId "2809052"]
[BlackFideId "2802007"]
[EventDate "2018.01.05"]

1. d4 Nf6 2. Nf3 g6 3. Nbd2 Bg7 4. e4 d6 5. Bb5+ c6 6. Bd3 O-O 7. O-O c5 8. dxc5
dxc5 9. Qe2 Nh5 10. Qe3 Nc6 11. Qxc5 Bd7 12. Nb3 a5 13. Be3 a4 14. Nbd4 a3 15.
bxa3 Ra5 16. Qc3 Bg4 17. e5 Bxf3 18. Nxf3 Nxe5 19. Nxe5 Bxe5 20. Qb4 Bxa1 21.
Rxa1 Qa8 22. Qxe7 Re8 23. Qb4 Ra4 24. Qb2 Rxa3 25. g4 Ng7 26. Bh6 Ne6 27. Re1
Rxa2 28. Qf6 Qa4 29. h3 Qd7 30. Bc4 Raa8 31. Re3 b5 32. Bb3 Ra7 33. Rf3 Qd4 34.
Bg7 Qxf6 35. Bxf6 Rd7 36. Kg2 Nc5 37. Bc3 Nxb3 38. cxb3 Rd5 39. h4 f5 40. gxf5
Rxf5 41. Rd3 Re2 42. Bd4 Rd5 43. Kf3 Re1 44. h5 gxh5 45. Kf4 h4 0-1

[Event "TCh-ISR 2018"]
[Site "Israel ISR"]
[Date "2018.03.02"]
[Round "11.1"]
[Board "3"]
[White "Smirin, Ilia"]
[Black "Mindlin, Alon"]
[Result "1/2-1/2"]
[WhiteTitle "GM"]
[BlackTitle "IM"]
[WhiteElo "2613"]
[BlackElo "2459"]
[WhiteTeam "Ashdod Elite Club"]
[BlackTeam "HaPoel Kfar Saba"]
[WhiteFideId "2801990"]
[BlackFideId "2800071"]
[EventDate "2018.01.05"]

1. e4 e5 2. Nf3 Nc6 3. Bb5 a6 4. Ba4 Nf6 5. O-O Be7 6. Re1 b5 7. Bb3 d6 8. c3
O-O 9. h3 Nb8 10. d4 Nbd7 11. Nbd2 Bb7 12. Bc2 Re8 13. Nf1 Bf8 14. Ng3 g6 15.
Bg5 h6 16. Bd2 Bg7 17. a4 c5 18. d5 c4 19. b4 cxb3 20. Bxb3 Nc5 21. c4 Qd7 22.
cxb5 axb5 23. a5 Nd3 24. Re3 Nf4 25. Rc3 Rec8 26. Rxc8+ Qxc8 27. Rc1 Qd8 28. Qf1
Rxa5 29. Bxa5 Qxa5 30. Rb1 Nd7 31. Bc4 bxc4 32. Rxb7 Qa4 33. Qb1 Nc5 34. Rb4 Qa6
35. Qc2 Qa3 36. Rb8+ Kh7 37. Nd2 c3 38. Nc4 Qa7 39. Rb1 Qa6 40. Ne3 h5 41. Kh2
h4 42. Ngf1 Ne2 43. Re1 Nd4 44. Qxc3 Nxe4 45. Qc7 Ng5 46. Nd2 Qd3 47. Nef1 1/2-1/2

[Event "TCh-ISR 2018"]
[Site "Israel ISR"]
[Date "2018.03.02"]
[Round "11.1"]
[Board "4"]
[White "Givon, Asaf"]
[Black "Golod, Vitali"]
[Result "1/2-1/2"]
[WhiteTitle "IM"]
[BlackTitle "GM"]
[WhiteElo "2470"]
[BlackElo "2539"]
[WhiteTeam "HaPoel Kfar Saba"]
[BlackTeam "Ashdod Elite Club"]
[WhiteFideId "2801841"]
[BlackFideId "2804140"]
[EventDate "2018.01.05"]

1. e4 e5 2. Nf3 Nc6 3. Bb5 a6 4. Ba4 Nf6 5. O-O Be7 6. d3 b5 7. Bb3 d6 8. a4 Bd7
9. c3 O-O 10. Bc2 Re8 11. Re1 Rb8 12. Nbd2 Bf8 13. b4 Ne7 14. h3 Ng6 15. Nf1 c5
16. axb5 axb5 17. bxc5 dxc5 18. Bb3 Be6 19. Bxe6 Rxe6 20. Ng3 b4 21. cxb4 Rxb4
22. Nf5 h6 23. Qc2 Rb7 24. Bd2 Rd7 25. Ba5 Qc8 26. Bc3 Ne8 27. Ra4 Nc7 28. g3
Nb5 29. Bb2 Qd8 30. Rd1 Nd4 31. Bxd4 cxd4 32. Rda1 Rc7 33. Qa2 Ne7 34. Ra8 Qd7
35. Qa3 Rc8 36. Rxc8 Qxc8 37. Qa8 Qxa8 38. Rxa8 Nc6 39. Kf1 f6 40. Nd2 Kf7 41.
Ke2 g6 42. Nh4 Be7 43. f4 f5 44. Nhf3 exf4 45. gxf4 fxe4 46. dxe4 Rf6 47. Rc8
Nd8 48. Ne5+ Ke8 49. Kf3 Bd6 50. Ndc4 Bxe5 51. Nxe5 Rd6 52. Ke2 Rf6 53. Kf3 Rd6
54. Nc4 Ra6 55. e5 Kd7 56. Rb8 Ne6 57. Ke4 d3 58. Rb4 Ra2 59. Rb7+ Ke8 60. Nd6+
Kd8 61. Nf7+ Ke8 62. Nd6+ Kd8 63. Rb8+ Kc7 64. Rc8+ Kd7 65. Kxd3 Nxf4+ 66. Ke3
Nxh3 67. Rg8 Ra3+ 68. Kd4 Nf4 69. Nc4 Ra4 70. Rg7+ Ke6 71. Rc7 h5 72. Ke4 g5 73.
Rc6+ Kd7 74. Rc5 Ne6 75. Kf5 Nxc5 76. Nb6+ Ke8 77. Nxa4 g4 78. Nc3 g3 79. Ne2 g2
80. Kg5 Ne6+ 81. Kh4 Nf4 82. Ng1 Kf7 83. Kg3 Nd3 84. Kxg2 Nxe5 85. Ne2 Kg6 86.
Nf4+ Kg5 87. Nxh5 Kxh5 1/2-1/2

[Event "TCh-ISR 2018"]
[Site "Israel ISR"]
[Date "2018.03.02"]
[Round "11.1"]
[Board "5"]
[White "Grinberg, Eyal"]
[Black "Ben Artzi, Ido"]
[Result "1-0"]
[WhiteTitle "IM"]
[BlackTitle "IM"]
[WhiteElo "2448"]
[BlackElo "2390"]
[WhiteTeam "Ashdod Elite Club"]
[BlackTeam "HaPoel Kfar Saba"]
[WhiteFideId "2806070"]
[BlackFideId "2810913"]
[EventDate "2018.01.05"]

1. e4 e5 2. Nf3 Nc6 3. Bb5 a6 4. Ba4 Nf6 5. Nc3 Bb4 6. O-O O-O 7. d3 Bxc3 8.
bxc3 d6 9. Bg5 Qe7 10. h3 Nd8 11. Bb3 Ne6 12. Be3 Nc5 13. Nd2 a5 14. a4 Nxb3 15.
cxb3 d5 16. Bg5 dxe4 17. Nxe4 Bf5 18. Bxf6 gxf6 19. Qf3 Bxe4 20. Qxe4 b6 21. d4
Rfe8 22. Rfe1 Qd7 23. dxe5 fxe5 24. Rad1 Qe6 25. Rd5 f6 26. Red1 f5 27. Qh4 Rf8
28. Qg3+ Kh8 29. Rxe5 Qxb3 30. Rd7 Rf7 31. Red5 f4 32. Qd3 Raf8 33. Rxf7 Rxf7
34. Qd4+ Kg8 35. Rg5+ 1-0

[Event "TCh-ISR 2018"]
[Site "Israel ISR"]
[Date "2018.03.02"]
[Round "11.1"]
[Board "6"]
[White "Rozentalis, Eduardas"]
[Black "Bar, Roman"]
[Result "1-0"]
[WhiteTitle "GM"]
[BlackTitle "IM"]
[WhiteElo "2527"]
[BlackElo "2485"]
[WhiteTeam "HaPoel Kfar Saba"]
[BlackTeam "Ashdod Elite Club"]
[WhiteFideId "12800023"]
[BlackFideId "2803879"]
[EventDate "2018.01.05"]

1. e4 c5 2. Nf3 Nc6 3. Bb5 g6 4. O-O Bg7 5. Re1 Nf6 6. e5 Nd5 7. Nc3 Nc7 8. Bxc6
dxc6 9. Ne4 Ne6 10. d3 O-O 11. Be3 b6 12. Qd2 Nd4 13. Nxd4 cxd4 14. Bh6 c5 15.
h4 Qd5 16. Bxg7 Kxg7 17. Qg5 Qe6 18. f3 h6 19. Qg3 Qd5 20. Qf4 Be6 21. b3 Rad8
22. Re2 a5 23. a4 Rh8 24. Rf1 Kf8 25. Nf2 Ke8 26. Ng4 h5 27. Nf2 Kd7 28. Ne4 Kc8
29. Ng5 Qc6 30. Rfe1 Kb7 31. Re4 Rdf8 32. Qg3 Qd7 33. Kh2 Ka7 34. Rf4 Kb7 35.
Nxf7 Bxf7 36. Rxf7 Qe6 37. Rg7 Rfg8 38. Rxg8 Rxg8 39. Qh3 Qxh3+ 40. Kxh3 Rf8 41.
Rf1 Kc6 42. g4 Kd7 43. f4 e6 44. Kg3 hxg4 45. Kxg4 Rf5 46. Rh1 Rh5 47. Rc1 Rh8
48. Rg1 Ke7 49. Kh3 Kf7 50. Rg5 b5 51. axb5 Rb8 52. h5 gxh5 53. Rxh5 Kg6 54. Kg4
Rxb5 55. f5+ exf5+ 56. Rxf5 Rb6 57. Rf2 Ra6 58. Kf4 c4 59. Ke4 1-0

[Event "TCh-ISR 2018"]
[Site "Israel ISR"]
[Date "2018.03.02"]
[Round "11.2"]
[Board "1"]
[White "Sivuk, Vitaly"]
[Black "Kryvoruchko, Yuriy"]
[Result "1/2-1/2"]
[WhiteTitle "GM"]
[BlackTitle "GM"]
[WhiteElo "2550"]
[BlackElo "2694"]
[WhiteTeam "Hapoel Petah Tikva"]
[BlackTeam "Beer-Sheva"]
[WhiteFideId "14116502"]
[BlackFideId "14109182"]
[EventDate "2018.01.05"]

1. e4 e5 2. Nf3 Nc6 3. Bb5 a6 4. Ba4 d6 5. O-O Bd7 6. c3 g6 7. d4 Bg7 8. Bg5 f6
9. Be3 Nh6 10. dxe5 fxe5 11. h3 Qe7 12. c4 Nd8 13. Nc3 Bxa4 14. Qxa4+ c6 15.
Rfd1 Nhf7 16. b4 O-O 17. b5 Bh6 18. bxc6 bxc6 19. Bb6 Rc8 20. c5 dxc5 21. Qc4
Nb7 22. Na4 Nd6 23. Rxd6 Qxd6 24. Bxc5 Qb8 25. Bxf8 Bxf8 26. Qxa6 Nd6 27. Rc1
Qa8 28. Qxa8 Rxa8 29. Nc5 Nf7 30. Nd7 Rxa2 31. Rxc6 Ra1+ 32. Kh2 Rd1 33. Rc7 Bd6
34. Ra7 h6 35. g3 Rb1 36. Nf6+ Kf8 37. Nh4 Rb2 38. Kg1 Rb1+ 39. Kg2 Rb2 40. Ra8+
Ke7 41. Nd5+ Kd7 42. Ra7+ Ke6 43. Nc7+ Bxc7 44. Rxc7 Nd6 45. Nxg6 Nxe4 46. Nf8+
Kf6 47. Nh7+ Kg6 1/2-1/2

[Event "TCh-ISR 2018"]
[Site "Israel ISR"]
[Date "2018.03.02"]
[Round "11.2"]
[Board "2"]
[White "Rodshtein, Maxim"]
[Black "Rechlis, Gad"]
[Result "1/2-1/2"]
[WhiteTitle "GM"]
[BlackTitle "GM"]
[WhiteElo "2693"]
[BlackElo "2525"]
[WhiteTeam "Beer-Sheva"]
[BlackTeam "Hapoel Petah Tikva"]
[WhiteFideId "2806851"]
[BlackFideId "2800047"]
[EventDate "2018.01.05"]

1. d4 Nf6 2. c4 g6 3. Nf3 Bg7 4. g3 O-O 5. Bg2 d6 6. Nc3 Nbd7 7. O-O e5 8. Qc2
exd4 9. Nxd4 Nb6 10. Rd1 Nxc4 11. Ncb5 a6 12. Qxc4 axb5 13. Nxb5 Ne8 14. Qb4 c6
15. Nxd6 Nxd6 16. Bf4 Re8 17. Rd2 Ra6 18. Qxd6 Qxd6 19. Bxd6 Rd8 20. Be4 Bxb2
21. Rxb2 Rxd6 22. Bd3 Ra3 23. Rb3 Ra4 24. a3 Kf8 25. f4 Ke7 26. Kf2 Kd8 27. Rb4
Ra5 28. a4 Kc7 29. Rab1 c5 30. Rb5 Rda6 31. Bc4 f6 32. R5b2 Rd6 33. Rb5 Rda6 34.
R5b2 Rd6 35. Rb5 Rxa4 36. Rxc5+ Rc6 37. Rxc6+ bxc6 38. Bd3 Ba6 39. Ke3 Ra3 40.
Rc1 Kd6 41. Rb1 Bb5 42. h3 h5 43. Rb4 1/2-1/2

[Event "TCh-ISR 2018"]
[Site "Israel ISR"]
[Date "2018.03.02"]
[Round "11.2"]
[Board "4"]
[White "Postny, Evgeny"]
[Black "Manor, Ilan"]
[Result "0-1"]
[WhiteTitle "GM"]
[BlackTitle "GM"]
[WhiteElo "2574"]
[BlackElo "2453"]
[WhiteTeam "Beer-Sheva"]
[BlackTeam "Hapoel Petah Tikva"]
[WhiteFideId "2804344"]
[BlackFideId "2800110"]
[EventDate "2018.01.05"]

1. d4 e6 2. c4 d5 3. Nf3 c5 4. cxd5 exd5 5. g3 Nc6 6. Bg2 Nf6 7. O-O Be7 8. dxc5
O-O 9. a3 Bxc5 10. b4 Bb6 11. Nc3 h6 12. Bb2 a6 13. Rc1 Re8 14. Qd3 Ba7 15. e3
Bg4 16. Ne2 Bxf3 17. Bxf3 Ne5 18. Bxe5 Rxe5 19. Rfd1 Qe7 20. Nf4 Rd8 21. Qb3 d4
22. exd4 Bxd4 23. Ng6 Qe6 24. Qxe6 Rxe6 25. Nh4 g6 26. Bxb7 Re2 27. Nf3 Bxf2+
28. Kf1 Rde8 29. Rc8 Ba7 30. Rxe8+ Rxe8 31. Bxa6 Ng4 32. Rd7 Re3 33. Kg2 Bb6 34.
Rd6 Bc7 35. Rd3 Re6 36. Bc8 Re2+ 37. Kf1 Rf2+ 38. Ke1 f5 39. Be6+ Kf8 40. Rc3
Bb6 41. h3 Nf6 42. Ne5 Ne4 43. Nd7+ Ke7 44. Nxb6 Kxe6 45. a4 Ra2 46. Rd3 Ra1+
47. Ke2 Ra2+ 48. Ke1 Ra1+ 49. Ke2 Ra2+ 50. Kf3 Rf2+ 51. Ke3 Rb2 52. b5 Nxg3 53.
Kd4 Ne4 54. Kc4 f4 55. Nd5 Ke5 56. b6 f3 57. Nb4 f2 58. Rd1 Nd2+ 59. Kc5 Ne4+
60. Kc4 Nd2+ 61. Kb5 Kd6 62. a5 f1=Q+ 63. Rxf1 Nxf1 64. a6 Ne3 65. a7 Nd5 66. b7
Rxb4+ 67. Ka5 Rxb7 68. a8=Q Rb5+ 0-1

[Event "TCh-ISR 2018"]
[Site "Israel ISR"]
[Date "2018.03.02"]
[Round "11.2"]
[Board "5"]
[White "Drori, Saar"]
[Black "Huzman, Alexander"]
[Result "1/2-1/2"]
[WhiteTitle "FM"]
[BlackTitle "GM"]
[WhiteElo "2380"]
[BlackElo "2561"]
[WhiteTeam "Hapoel Petah Tikva"]
[BlackTeam "Beer-Sheva"]
[WhiteFideId "2812444"]
[BlackFideId "2803828"]
[EventDate "2018.01.05"]

1. e4 e5 2. Nf3 Nf6 3. Nxe5 d6 4. Nf3 Nxe4 5. Nc3 Nxc3 6. dxc3 Be7 7. Be3 O-O 8.
Qd2 Nd7 9. h3 c6 10. c4 Nc5 11. O-O-O Ne4 12. Qd3 Bf5 13. g4 Bg6 14. Qb3 Qa5 15.
a3 Nc5 16. Qb4 Qc7 17. Nd4 d5 18. Qe1 Rfe8 19. h4 Bd6 20. h5 Be4 21. Rh3 dxc4
22. Bxc4 h6 23. Qg1 Bf4 24. Ne2 Bxe3+ 25. Rxe3 Bd5 26. Bxd5 cxd5 27. Nc3 Rxe3
28. fxe3 Ne4 29. Nxd5 Qe5 30. Qg2 Re8 31. Qf3 Ng5 32. Qf4 Nh3 33. Qf3 Ng5 34.
Qf4 Nh3 35. Qf3 1/2-1/2

[Event "TCh-ISR 2018"]
[Site "Israel ISR"]
[Date "2018.03.02"]
[Round "11.2"]
[Board "6"]
[White "Mikhalevski, Victor"]
[Black "Bitensky, Igor"]
[Result "1-0"]
[WhiteTitle "GM"]
[BlackTitle "IM"]
[WhiteElo "2538"]
[BlackElo "2355"]
[WhiteTeam "Beer-Sheva"]
[BlackTeam "Hapoel Petah Tikva"]
[WhiteFideId "2801914"]
[BlackFideId "2804085"]
[EventDate "2018.01.05"]

1. d4 d6 2. Nf3 g6 3. g3 Bg7 4. Bg2 Nd7 5. O-O e5 6. dxe5 dxe5 7. Nc3 Ne7 8. Qd3
O-O 9. Rd1 c6 10. Ng5 Qc7 11. b4 Nb6 12. e4 h6 13. Nf3 Be6 14. a4 Rad8 15. Qe2
Rxd1+ 16. Nxd1 f5 17. a5 Nc4 18. Nd2 Nxd2 19. Bxd2 fxe4 20. Bxe4 Nf5 21. c3 Qf7
22. Be3 Bd5 23. Bxa7 h5 24. Bc5 Rd8 25. Nb2 h4 26. Rd1 Re8 27. Qf3 hxg3 28. hxg3
Bb3 29. Rd2 Bh6 30. Re2 Rd8 31. Kg2 Rd5 32. c4 Rxc5 33. bxc5 Nd4 34. Qxf7+ Kxf7
35. Re1 Bd2 36. Rh1 Kg7 37. Nd3 Kf6 38. Rh7 Bxc4 39. Rxb7 Bxa5 40. Ra7 Bc3 41.
Rd7 Nb3 42. f3 Bd4 43. Rd6+ Ke7 44. Rxc6 Nd2 45. Nb4 g5 46. Nd5+ 1-0

[Event "TCh-ISR 2018"]
[Site "Israel ISR"]
[Date "2018.03.02"]
[Round "11.3"]
[Board "1"]
[White "Zilberman, Yaacov"]
[Black "Reshef, Omer"]
[Result "0-1"]
[WhiteTitle "GM"]
[BlackTitle "IM"]
[WhiteElo "2367"]
[BlackElo "2467"]
[WhiteTeam "HaPoel Kfar Saba Bet"]
[BlackTeam "HaOmerim Kiryat Ono"]
[WhiteFideId "2801612"]
[BlackFideId "2804336"]
[EventDate "2018.01.05"]

1. d4 Nf6 2. c4 g6 3. Nc3 Bg7 4. e4 d6 5. Be2 O-O 6. Nf3 Na6 7. O-O e5 8. d5 Nc5
9. Qc2 a5 10. Bg5 h6 11. Be3 b6 12. Nd2 Nh5 13. Bxh5 gxh5 14. f3 h4 15. Kh1 f5
16. exf5 Bxf5 17. Nde4 h3 18. g3 Nxe4 19. Nxe4 Qd7 20. Kg1 Rf7 21. Rf2 Raf8 22.
Qd3 Bg6 23. Raf1 Kh7 24. b3 Bf6 25. Qd2 Bg7 26. Qe2 Qf5 27. Bc1 Bf6 28. a3 Be7
29. Bd2 Rg8 30. Kh1 Rgf8 31. Kg1 Qh5 32. Bc1 Qf5 33. Bd2 Rg8 34. Kh1 Ra8 35. Kg1
a4 36. b4 Raf8 37. Bc1 Qh5 38. Bd2 Bxe4 39. Qxe4+ Qg6 40. Bc1 Bg5 41. Qxg6+ Kxg6
42. f4 Bf6 43. Re2 exf4 44. gxf4 Kf5 45. Rf3 Rg8+ 46. Kf1 Rfg7 47. Be3 Rg2 48.
Rxh3 Rxe2 49. Kxe2 Rg2+ 50. Kd1 Bg7 51. Bc1 Kg4 52. Re3 Bf6 53. h3+ Kf5 54. Bd2
h5 55. Re2 Rg3 56. Re3 Rxe3 57. Bxe3 Ke4 58. Bc1 Kd3 59. c5 dxc5 60. bxc5 bxc5
61. f5 c4 62. Bf4 c3 63. Kc1 c2 64. Bh6 Kc3 65. Bf4 Kb3 66. Kd2 Bb2 67. Kd3 c1=Q
68. Bxc1 Bxc1 69. f6 Bxa3 0-1

[Event "TCh-ISR 2018"]
[Site "Israel ISR"]
[Date "2018.03.02"]
[Round "11.3"]
[Board "2"]
[White "Sivan, Yaacov"]
[Black "Erenberg, Ariel"]
[Result "0-1"]
[WhiteTitle "IM"]
[BlackTitle "IM"]
[WhiteElo "2339"]
[BlackElo "2382"]
[WhiteTeam "HaOmerim Kiryat Ono"]
[BlackTeam "HaPoel Kfar Saba Bet"]
[WhiteFideId "2800730"]
[BlackFideId "2811634"]
[EventDate "2018.01.05"]

1. e4 e5 2. Nf3 Nc6 3. Bb5 a6 4. Bxc6 dxc6 5. O-O Qf6 6. d4 exd4 7. Qxd4 Qxd4 8.
Nxd4 Bd7 9. Be3 O-O-O 10. Nd2 g6 11. Rfe1 Bg7 12. c3 c5 13. Ne2 b6 14. Ng3 Ne7
15. Nf3 Nc6 16. Ng5 Rdf8 17. f4 f6 18. Nf3 Re8 19. Rad1 a5 20. b3 a4 21. h4 Be6
22. Nd2 Rd8 23. h5 Rd3 24. f5 Bf7 25. hxg6 hxg6 26. fxg6 Bxg6 27. Nb1 Rxd1 28.
Rxd1 axb3 29. axb3 Re8 30. Re1 Bf8 31. Bf4 f5 32. Kf2 fxe4 33. Nd2 Na5 34. Ngxe4
Nxb3 35. Nxb3 Rxe4 36. Rxe4 Bxe4 37. g4 Bg7 38. Bd2 Kb7 39. Kg3 Kc6 40. Kf4 Bh7
41. Nc1 Kd5 42. Ne2 Kc4 43. Kf3 b5 44. g5 b4 45. cxb4 cxb4 46. Nf4 b3 47. Bc1 b2
48. Bxb2 Bxb2 49. g6 Bg8 50. Ke4 c5 0-1

[Event "TCh-ISR 2018"]
[Site "Israel ISR"]
[Date "2018.03.02"]
[Round "11.3"]
[Board "3"]
[White "Aharon, Ofir"]
[Black "Tratatovici, Dan"]
[Result "0-1"]
[WhiteTitle "FM"]
[WhiteElo "2288"]
[BlackElo "2208"]
[WhiteTeam "HaPoel Kfar Saba Bet"]
[BlackTeam "HaOmerim Kiryat Ono"]
[WhiteFideId "2800683"]
[BlackFideId "2806428"]
[EventDate "2018.01.05"]

1. e4 e5 2. Nf3 Nc6 3. Bb5 a6 4. Ba4 Nf6 5. d3 b5 6. Bb3 Be7 7. O-O O-O 8. Re1
Bb7 9. Nc3 Re8 10. a4 b4 11. Nd5 Na5 12. Nxe7+ Qxe7 13. Ba2 c5 14. Bg5 b3 15.
Qd2 bxa2 16. Qxa5 h6 17. Bxf6 Qxf6 18. Qxc5 Rac8 19. Qb4 Rb8 20. Qa5 d5 21. exd5
e4 22. dxe4 Qxb2 23. Nd2 Bxd5 24. Qxd5 Red8 25. Rxa2 Qc3 26. Qc4 Qxd2 27. Kf1
Qf4 28. g3 Qf3 29. Kg1 Rd2 30. Qc5 Re2 31. Raa1 Qxe4 32. Rxe2 Qxe2 33. Qc3 Qe4
34. a5 Qf5 35. Qd3 Qe5 36. Ra3 h5 37. h4 Rb1+ 38. Kg2 Qe1 39. Qd8+ Kh7 40. Qd3+
g6 41. Kf3 Rd1 42. Qc4 Qh1+ 43. Ke3 Rd5 44. Qc3 Rd6 45. Ra1 Qd5 46. f3 Rc6 47.
Qb2 Re6+ 48. Kf2 Qd2+ 0-1

[Event "TCh-ISR 2018"]
[Site "Israel ISR"]
[Date "2018.03.02"]
[Round "11.3"]
[Board "4"]
[White "Tifferet, Shaked"]
[Black "Kaplan, Sasha"]
[Result "1-0"]
[WhiteTitle "FM"]
[BlackTitle "IM"]
[WhiteElo "2294"]
[BlackElo "2396"]
[WhiteTeam "HaOmerim Kiryat Ono"]
[BlackTeam "HaPoel Kfar Saba Bet"]
[WhiteFideId "2811529"]
[BlackFideId "2806487"]
[EventDate "2018.01.05"]

1. e4 e5 2. Nf3 Nc6 3. Bb5 Nf6 4. Ba4 b5 5. d3 Bc5 6. Bb3 d6 7. Nc3 h6 8. Nd5
O-O 9. c3 a6 10. O-O Bd7 11. h3 Nxd5 12. Bxd5 Qf6 13. a4 Rab8 14. axb5 axb5 15.
b4 Bb6 16. Be3 Ne7 17. Bb3 Ng6 18. Kh1 Nf4 19. d4 Rbd8 20. Ng1 g5 21. Kh2 Rfe8
22. d5 g4 23. g3 Nxh3 24. Nxh3 gxh3 25. Bxb6 cxb6 26. Ra7 Qg6 27. Bc2 Bg4 28. f3
Bd7 29. Qd2 Kh8 30. Rg1 Rg8 31. Rb7 h5 32. Bd3 Be8 33. Bf1 Ra8 34. Bxh3 h4 35.
Bf5 Qg5 36. Qxg5 Rxg5 37. gxh4 Rxg1 38. Kxg1 Kg7 39. Rxb6 f6 40. Rxd6 1-0

[Event "TCh-ISR 2018"]
[Site "Israel ISR"]
[Date "2018.03.02"]
[Round "11.3"]
[Board "5"]
[White "Gershon, Alik"]
[Black "Poleg, Dan"]
[Result "1/2-1/2"]
[WhiteTitle "GM"]
[BlackTitle "FM"]
[WhiteElo "2444"]
[BlackElo "2255"]
[WhiteTeam "HaPoel Kfar Saba Bet"]
[BlackTeam "HaOmerim Kiryat Ono"]
[WhiteFideId "2802430"]
[BlackFideId "2812398"]
[EventDate "2018.01.05"]

1. c4 e6 2. Nc3 Nf6 3. e4 d5 4. e5 d4 5. exf6 dxc3 6. bxc3 Qxf6 7. Nf3 e5 8. Bd3
Nc6 9. O-O Bd6 10. Be4 O-O 11. d4 exd4 12. cxd4 Bg4 13. Rb1 Rfe8 14. Re1 Bxf3
15. Bxf3 Nxd4 16. Bxb7 Rad8 17. Rxe8+ Rxe8 18. Be3 Bc5 19. h3 h6 20. Qh5 Re5 21.
Qg4 Ne6 22. Bxc5 Rxc5 23. g3 c6 24. Bc8 Nd4 25. Rb8 Kh7 26. Qe4+ g6 27. Bg4 Re5
28. Qf4 Qxf4 29. gxf4 Ra5 30. Rb7 Kg8 31. Bd7 Kf8 32. Rc7 Rxa2 33. Bxc6 Ne2+ 34.
Kh2 Nxf4 35. Kg3 Ne6 36. Rd7 a5 37. Ra7 g5 38. Bd5 a4 39. h4 gxh4+ 40. Kxh4 Rxf2
41. Rxa4 Ke7 42. Kg3 Rf5 43. Ra8 Nc7 44. Ra7 Kd6 45. Be4 Rc5 46. Bd5 Nxd5 47.
cxd5 Rc7 48. Ra6+ Kxd5 49. Rxh6 Ke5 50. Kf3 Rc3+ 51. Kf2 f5 52. Rh4 Ra3 53. Rb4
f4 54. Rb8 Rc3 1/2-1/2

[Event "TCh-ISR 2018"]
[Site "Israel ISR"]
[Date "2018.03.02"]
[Round "11.3"]
[Board "6"]
[White "Friedland, Omer"]
[Black "Elyoseph, Harel"]
[Result "0-1"]
[BlackTitle "FM"]
[WhiteElo "2146"]
[BlackElo "2281"]
[WhiteTeam "HaOmerim Kiryat Ono"]
[BlackTeam "HaPoel Kfar Saba Bet"]
[WhiteFideId "2808692"]
[BlackFideId "2800381"]
[EventDate "2018.01.05"]

1. e4 e6 2. d4 d5 3. Nd2 c5 4. Ngf3 cxd4 5. exd5 Qxd5 6. Bc4 Qd6 7. O-O Nf6 8.
Nb3 Nc6 9. Nbxd4 Nxd4 10. Nxd4 a6 11. c3 Qc7 12. Qe2 Bd6 13. h3 b5 14. Bd3 Bb7
15. a4 b4 16. cxb4 Bxb4 17. Bb5+ Ke7 18. Bc4 Rhd8 19. Rd1 Bc5 20. Be3 Kf8 21.
Rac1 Qb6 22. a5 Qb4 23. Nc2 Rxd1+ 24. Rxd1 Qxa5 25. b4 Bxb4 26. Rb1 Be4 27. Rxb4
Bxc2 28. Rb7 Be4 29. Rb2 Bd5 30. Bd3 Qa1+ 31. Rb1 Qa3 32. Bd4 a5 33. Ra1 Qe7 34.
Qe3 Kg8 35. Qe5 a4 36. Rc1 Ne8 37. Qh5 h6 38. Qe5 a3 39. Bb5 Qg5 40. Qxg5 hxg5
41. f3 Nd6 42. Bd3 a2 43. Kf2 f6 44. Ba1 Rc8 45. Rxc8+ Nxc8 46. Ke3 e5 47. Kd2
Kf7 48. Bc3 Ke6 49. Ke3 Nb6 50. Bc2 Bc4 51. Bb2 Nd5+ 52. Kf2 Nb4 53. Ke1 0-1

[Event "TCh-ISR 2018"]
[Site "Israel ISR"]
[Date "2018.03.02"]
[Round "11.4"]
[Board "1"]
[White "Zoler, Dan"]
[Black "Kantarji, Pinchas"]
[Result "0-1"]
[WhiteTitle "GM"]
[BlackTitle "IM"]
[WhiteElo "2506"]
[BlackElo "2449"]
[WhiteTeam "Herzliya Chess Club"]
[BlackTeam "Elizur Dov Petah Tikva"]
[WhiteFideId "2800705"]
[BlackFideId "2803712"]
[EventDate "2018.01.05"]

1. d4 d5 2. c4 e6 3. Nf3 Nf6 4. Nc3 Be7 5. Bf4 O-O 6. e3 b6 7. Qc2 Bb7 8. Rd1
Nbd7 9. Be2 Nh5 10. Bg3 Nxg3 11. hxg3 g6 12. cxd5 exd5 13. Qb3 c6 14. g4 Bf6 15.
g3 Re8 16. O-O Qe7 17. Ne1 Qd6 18. Ng2 Nf8 19. f4 h6 20. Kf2 Bg7 21. Bf3 Rad8
22. Rd2 Qb8 23. Rc1 Nh7 24. Qd1 Nf6 25. b4 b5 26. Ne1 a5 27. bxa5 Qa7 28. a4 b4
29. Na2 Bf8 30. Nd3 Qxa5 31. Nc5 Bc8 32. Rb2 Nd7 33. Nxd7 Bxd7 34. Rcb1 c5 35.
dxc5 Bxa4 36. Qf1 b3 37. Nc1 Qxc5 38. Nxb3 Qxe3+ 39. Kg2 Bg7 40. Re2 Qc3 41.
Rxe8+ Bxe8 42. Qf2 d4 43. Nd2 d3 44. Rd1 Qc2 45. Qb6 Rc8 46. Kh3 Bd7 47. Qd6 Bc6
48. Rh1 Bxf3 49. Nxf3 Qe2 50. Qd5 Rc2 51. Qa8+ Kh7 52. Kh4 Qe7+ 53. Kh3 Qd7 54.
Qe4 Re2 55. Qc4 Bf6 56. Rd1 Re3 57. Nh2 h5 58. Rd2 Kg7 59. Kg2 hxg4 60. Nf1 Qb7+
61. Kg1 Qb1 62. Kg2 Qe1 63. Rf2 Re2 64. Qc5 d2 0-1

[Event "TCh-ISR 2018"]
[Site "Israel ISR"]
[Date "2018.03.02"]
[Round "11.4"]
[Board "2"]
[White "Bykhovsky, Avigdor"]
[Black "Bakalchuk, Johnatan"]
[Result "0-1"]
[WhiteTitle "GM"]
[BlackTitle "FM"]
[WhiteElo "2423"]
[BlackElo "2400"]
[WhiteTeam "Elizur Dov Petah Tikva"]
[BlackTeam "Herzliya Chess Club"]
[WhiteFideId "4101057"]
[BlackFideId "2810301"]
[EventDate "2018.01.05"]

1. d4 Nf6 2. Nf3 g6 3. c4 Bg7 4. e3 O-O 5. Be2 d6 6. Nc3 Nbd7 7. b3 Re8 8. Bb2
e5 9. Qc2 c6 10. h3 Qe7 11. O-O-O exd4 12. Nxd4 a6 13. Rhe1 Nc5 14. Bf3 Bd7 15.
g4 Rec8 16. b4 Ne6 17. Nxe6 Bxe6 18. Na4 Nd7 19. Bxg7 Kxg7 20. Qc3+ Kg8 21. Nb2
b5 22. Be2 c5 23. Kb1 bxc4 24. bxc5 Nxc5 25. Bf3 Rab8 26. Ka1 Qh4 0-1

[Event "TCh-ISR 2018"]
[Site "Israel ISR"]
[Date "2018.03.02"]
[Round "11.4"]
[Board "3"]
[White "Zifroni, Dov"]
[Black "Mesropov, Konstantin"]
[Result "1-0"]
[WhiteTitle "GM"]
[BlackTitle "IM"]
[WhiteElo "2440"]
[BlackElo "2427"]
[WhiteTeam "Herzliya Chess Club"]
[BlackTeam "Elizur Dov Petah Tikva"]
[WhiteFideId "2800659"]
[BlackFideId "4116887"]
[EventDate "2018.01.05"]

1. c4 Nf6 2. Nf3 c5 3. Nc3 d5 4. cxd5 Nxd5 5. e3 Nc6 6. Bb5 e6 7. O-O Be7 8. d4
cxd4 9. exd4 O-O 10. Re1 Bd7 11. a3 Rc8 12. Bd3 Nxc3 13. bxc3 Bf6 14. Rb1 Na5
15. Qc2 g6 16. Bh6 Bg7 17. Qd2 Bc6 18. Ne5 Bd5 19. Ng4 Nb3 20. Qb2 Qh4 21. Bxg7
Qxg4 22. f3 Bxf3 23. h3 Qg5 24. h4 Qg4 25. Bxf8 Kxf8 26. Rf1 Bd5 27. c4 Rxc4 28.
Bxc4 Bxc4 29. Rfd1 Kg8 30. d5 exd5 31. Re1 d4 32. Qc2 d3 33. Qc3 Nd4 34. Re8+
Kg7 35. Rd8 1-0